Analýza školskej politiky v SR bakalárska práca

Enregistré dans:
Détails bibliographiques
Auteur principal: Ježík, Jakub
Collectivité auteur: Národohospodárska fakulta EU. Katedra ekonómie
Autres auteurs: Pobudová, Daniela, 1982-
Format: Livre
Langue:slovaque
Publié: Bratislava 2020
Tags: Ajouter un tag
Pas de tags, Soyez le premier à ajouter un tag!

MARC

LEADER 00000nbm a2200000 4500
001 0265493
005 20200922084527.0
041 0 |a slo 
044 |a SK 
245 1 0 |a Analýza školskej politiky v SR  |b bakalárska práca  |c Jakub Ježík ; školiteľ: Daniela Pobudová 
264 1 |a Bratislava  |c 2020 
300 |a 52 s. 
100 1 |a Ježík, Jakub 
700 1 |a Pobudová, Daniela, 1982- 
710 2 |a Národohospodárska fakulta EU. Katedra ekonómie